| 000 | 00465nam a2200181Ia 4500 | ||
|---|---|---|---|
| 005 | 20250423100244.0 | ||
| 008 | 250422s9999 xx 000 0 und d | ||
| 020 | _a9780128008386 | ||
| 050 | _aQR 389 .R98/ | ||
| 100 | _aRyu, Wang-Shick | ||
| 245 | 0 | _aMolecular virology of human pathogenic viruses | |
| 260 | _aLondon | ||
| 260 | _bElsevier Inc | ||
| 260 | _c2017 | ||
| 300 | _a423 p | ||
| 650 | _a Molecular virology. Communicable diseases. | ||
| 942 | _cBK | ||
| 999 |
_c32749 _d32749 |
||